|
|
|
|
| LEADER |
00000nab a2200000 a 4500 |
| 001 |
vtls000166536 |
| 003 |
SK-MaSNL |
| 005 |
20260304011102.0 |
| 008 |
220422c1983 xo 0 slo |
| 015 |
|
|
|a SNBRB19rr/mm-uuuuu
|
| 035 |
|
|
|a CL0176647
|
| 040 |
|
|
|a SNKBUCL
|b slo
|c SNKBUCL
|e AACR2
|
| 041 |
0 |
|
|a slo
|
| 044 |
|
|
|a xo
|c SK
|
| 080 |
|
|
|a 613.644:656.2
|2 1981
|
| 080 |
|
|
|a 656.2
|2 1981
|
| 080 |
|
|
|a 614.8
|2 1981
|
| 245 |
0 |
0 |
|a Pracovné fyziologické hodnotenie posunovacích prác v železničnej doprave ; Imrich Borský, František Strelka, Leona Hubačová, Ivan Blažek
|
| 300 |
|
|
|b Obr. 2. Res. slov., rus., angl., lit. 16 zázn. v slov., češ., ruš., nem., angl.
|
| 650 |
0 |
7 |
|a hygiena práce
|2 snkbucl
|9 1298
|
| 650 |
0 |
7 |
|a železničiari
|2 snkbucl
|9 304725
|
| 655 |
|
7 |
|a články z novín a časopisov
|2 snkbucl
|9 267496
|
| 700 |
1 |
|
|a Borský, Imrich
|4 aut
|9 753310
|
| 700 |
1 |
|
|a Strelka, František
|4 aut
|9 366734
|
| 700 |
1 |
|
|a Hubačová, Leona
|4 aut
|9 7760
|
| 700 |
1 |
|
|a Blažek, Ivan
|4 aut
|9 1289500
|
| 773 |
0 |
|
|t Pracovní lékařství
|g Roč. 35, č. 1 (1983), s. 3-7
|
| 850 |
|
|
|a Slovenská národná knižnica v Martine
|a MTA001
|
| 852 |
|
|
|a SNK
|b KIS3GCP
|
| 958 |
|
|
|a NB
|
| 958 |
|
|
|a RK
|
| 958 |
|
|
|a ME
|
| 992 |
|
|
|a RBX
|
| 999 |
|
|
|c 2564521
|d 2566451
|